000 01133nam a2200265 a 4500
001 000040995
005 20240402134028.0
008 090715s2009 dr 001 0 spa d
040 _aDO-SdBNP
_bspa
_cBNPHU
082 _a345.729305
_bR426c, 2009
110 1 _aRepública Dominicana.
_9447
240 1 0 _a[Leyes, etc.]
245 1 0 _aCódigo penal de la República Dominicana :
_bmodificada por las leyes 224-84; 24-97; 46-99; 223-84; 36-00 y 12-07 (sobre multas) /
_ccompiladores Trajano Vidal Potentini, Juan Pablo Acosta.
260 _aMoca, República Dominicana :
_bDalis,
_c2009.
300 _a136 p. ;
_c22 cm.
500 _aIncluye índice temático.
500 _aEdición especial, tomada de la 15ª ed.
504 _aIncluye bibliografía y notas al pie de páginas.
590 _aInventariado,2018/DG
650 4 _aDerecho penal
_xLegislación
_zRepública Dominicana
_916570
650 4 _aProcedimiento penal
_xLegislación
_zRepública Dominicana
_916571
700 1 2 _aPotentini Adames, Trajano Vidal‏
_ecomp.
_973577
700 1 2 _aAcosta, Juan Pablo,
_ecomp.
_911716
910 _aValidado. Control de la calidad EMS
999 _c40485
_d40485